| 000 | 00479nam a2200169 i 4500 | ||
|---|---|---|---|
| 001 | 74272 | ||
| 003 | ES-MaACL | ||
| 005 | 20230906172055.0 | ||
| 007 | t| | ||
| 008 | 040916s1918 pr ||||1| spa d | ||
| 100 | 1 |
_aGonzález García M. _9184793 |
|
| 245 | 1 | 3 |
_aEl tesoro del Ausubal _b: novela / _cM. González García. |
| 260 |
_aGurabo (Puerto Rico) : _b[s.n., _c1918] ( _fImp. Bormiguen) |
||
| 300 |
_a205 p. ; _c17 cm. |
||
| 852 |
_aES-MaACL _jD-2440 |
||
| 999 |
_c74272 _d74272 |
||